<?xml version="1.0" encoding="UTF-8"?>
<collection xmlns="http://www.loc.gov/MARC21/slim">
<record>
  <controlfield tag="001">5823</controlfield>
  <controlfield tag="005">20220830160859.0</controlfield>
  <datafield tag="037" ind1=" " ind2=" ">
    <subfield code="a">OUTRART-2022-0020</subfield>
  </datafield>
  <datafield tag="100" ind1=" " ind2=" ">
    <subfield code="a">Meeus, Francis</subfield>
  </datafield>
  <datafield tag="245" ind1=" " ind2=" ">
    <subfield code="a">MIRA Ceti sprak met... David Berghmans</subfield>
  </datafield>
  <datafield tag="260" ind1=" " ind2=" ">
    <subfield code="c">2022</subfield>
  </datafield>
  <datafield tag="520" ind1=" " ind2=" ">
    <subfield code="a">Misschien ver van huis, maar intussen is ons landje toch wel weer goed bezig in de ruimte: de Solar Orbiter draait immers elliptische banen rond de Zon, waarbij de ruimtesonde op zijn dichtst tot op een dikke veertig miljoen km van die gigantisch grote hete bol gas passeert. En aan boord van deze zonnetelescoop zit een instrument om het extreem ultraviolette licht van de Zon te bestuderen: de Extreme Ultraviolet Imager. Naast een aantal andere Europese instituten zijn daar het Centre Spatial uit Luik bij betrokken, de universiteit van Leuven en de Koninklijke Sterrenwacht van België. Daar werkt sinds ettelijke jaren astronoom David Berghmans (°1971) en hij is de Principal Investigator van dit instrument. Met deze enthousiaste wetenschapper hadden we een gesprek over het recente zonneonderzoek en over de Solar Orbiter.</subfield>
  </datafield>
  <datafield tag="594" ind1=" " ind2=" ">
    <subfield code="a">STCE</subfield>
  </datafield>
  <datafield tag="700" ind1=" " ind2=" ">
    <subfield code="a">Berghmans, David</subfield>
  </datafield>
  <datafield tag="773" ind1=" " ind2=" ">
    <subfield code="p">Volkssterrenwacht MIRA interviews</subfield>
    <subfield code="v">2022</subfield>
    <subfield code="y">2022</subfield>
    <subfield code="n">03</subfield>
  </datafield>
  <datafield tag="856" ind1="0" ind2=" ">
    <subfield code="f">david.berghmans@observatoire.be</subfield>
  </datafield>
  <datafield tag="856" ind1="4" ind2="2">
    <subfield code="a">https://www.mira.be/artikels/2022-03-mira-ceti-sprak-met-david-berghmans</subfield>
  </datafield>
  <datafield tag="980" ind1=" " ind2=" ">
    <subfield code="a">OUTRART</subfield>
  </datafield>
</record>
</collection>